UM Logo

Semantics / (Record no. 18933)

MARC details
000 -LEADER
fixed length control field 02696cam a22003618i 4500
001 - CONTROL NUMBER
control field 22783498
005 - DATE AND TIME OF LATEST TRANSACTION
control field 20240206095940.0
008 - FIXED-LENGTH DATA ELEMENTS--GENERAL INFORMATION
fixed length control field 220908s2023 nju b 001 0 eng
010 ## - LIBRARY OF CONGRESS CONTROL NUMBER
LC control number 2022043325
020 ## - INTERNATIONAL STANDARD BOOK NUMBER
International Standard Book Number 9781119709855
020 ## - INTERNATIONAL STANDARD BOOK NUMBER
Canceled/invalid ISBN 9781119709862
020 ## - INTERNATIONAL STANDARD BOOK NUMBER
Canceled/invalid ISBN 9781119709886
040 ## - CATALOGING SOURCE
Original cataloging agency DLC
Language of cataloging eng
Description conventions rda
Transcribing agency DLC
042 ## - AUTHENTICATION CODE
Authentication code pcc
050 00 - LIBRARY OF CONGRESS CALL NUMBER
Classification number P325
Item number .S2 2023
082 00 - DEWEY DECIMAL CLASSIFICATION NUMBER
Classification number DC 401.43
Edition number 2023
Item number Sa163
100 1# - MAIN ENTRY--PERSONAL NAME
Personal name Saeed, John I.,
Relator term author.
9 (RLIN) 51505
245 10 - TITLE STATEMENT
Title Semantics /
Statement of responsibility, etc. John I Saeed.
250 ## - EDITION STATEMENT
Edition statement Fifth edition.
260 ## - PUBLICATION, DISTRIBUTION, ETC. (IMPRINT)
Place of publication, distribution, etc. Hoboken, NJ :
Name of publisher, distributor, etc. WILEY-Blackwell,
Date of publication, distribution, etc. ©2023.
263 ## - PROJECTED PUBLICATION DATE
Projected publication date 2212
300 ## - PHYSICAL DESCRIPTION
Extent xviii, 568 pages ;
Dimensions 26 cm.
490 0# - SERIES STATEMENT
Series statement Introducing linguistics
500 ## - GENERAL NOTE
General note Includes bibliographical references and index.
505 2# - FORMATTED CONTENTS NOTE
Formatted contents note "Preliminaries. Semantics in linguistics -- Meaning, thought, and reality -- Semantic description. Word meaning -- Sentence relations and truth -- Sentence semantics 1: situations -- Sentence semantics 2: participants -- Meaning and context -- Theoretical approaches. Meaning components -- Formal semantics -- Cognitive semantics -- Inferential pragmatics."
520 ## - SUMMARY, ETC.
Summary, etc. "This fifth edition of Semantics has been thoroughly revised and updated to reflect the most recent theoretical developments in the field of linguistic semantics. Divided into three parts, Semantics provides and engaging introduction to the field for students new to the field by establishing the place of semantics within linguistics, introducing key topics in the description of word and sentence meaning, and reviewing the main current theoretical approaches to semantics. A significant update to this edition is an entirely new chapter introducing the incursion of pragmatics into traditional areas of semantics including that of Recanati, Relevance Theory and truth-conditional meaning. This new chapter will offer students a clear understanding of the overlap between the subdisciplines. Key pedagogical features through every chapter will be updated such as the exercises with solutions which are designed to further knowledge of linguistic concepts, and a helpful glossary of technical terminology will remain. Semantics, 5th Edition, continues to set the standard as the most invaluable and accessible introduction to the field of contemporary linguistic semantics available today"--
650 #0 - SUBJECT ADDED ENTRY--TOPICAL TERM
Topical term or geographic name as entry element Semantics.
9 (RLIN) 49015
776 08 - ADDITIONAL PHYSICAL FORM ENTRY
Relationship information Online version:
Main entry heading Saeed, John I.
Title Semantics
Edition Fifth edition.
Place, publisher, and date of publication Hoboken : Wiley, 2022
International Standard Book Number 9781119709862
Record control number (DLC) 2022043326
365 ## - TRADE PRICE
Price amount 5,044.00
Currency code Php
906 ## - LOCAL DATA ELEMENT F, LDF (RLIN)
a 7
b cbc
c orignew
d 1
e ecip
f 20
g y-gencatlg
942 ## - ADDED ENTRY ELEMENTS (KOHA)
Source of classification or shelving scheme Dewey Decimal Classification
Koha item type Circulation
Holdings
Withdrawn status Lost status Source of classification or shelving scheme Damaged status Not for loan Collection code Home library Current library Date acquired Source of acquisition Cost, normal purchase price Total Checkouts Full call number Barcode Date last seen Price effective from Koha item type
    Dewey Decimal Classification     Circulation UM Digos College - LIC UM Digos College - LIC 07/19/2023 Purchased 5044.00   DC 401.43 Sa163 2023 28001 05/15/2025 02/06/2024 Circulation